Sports Quiz

Random Sports or Football Quiz

US States Without NFL Teams Quiz Stats

Quiz Updated Nov 23, 2017

Challenge
Share
Tweet
Score 0/28 Timer 05:00
0 Plays Today
% Correct
South Dakota
93.8%
Idaho
93.8%
Montana
93.6%
North Dakota
93.4%
Wyoming
91.1%
Nebraska
89.8%
Oregon
89.6%
New Mexico
89.3%
Nevada
88.7%
Utah
88.3%
Maine
87.3%
Oklahoma
86%
New Hampshire
86%
Vermont
85.5%
% Correct
Alabama
84.8%
Mississippi
84.6%
Arkansas
84.2%
Iowa
83.4%
Rhode Island
81.6%
South Carolina
81%
Kentucky
81%
Connecticut
81%
West Virginia
80%
Kansas
79.6%
Virginia
71.5%
Alaska
70.9%
Delaware
67.6%
Hawaii
67.3%

You're not logged in!

Compare scores with friends on all Sporcle quizzes.
Sign Up with Email
OR
Log In

You Might Also Like...

Show Comments

Extras

Top Quizzes Today


Score Distribution

Your Account Isn't Verified!

In order to create a playlist on Sporcle, you need to verify the email address you used during registration. Go to your Sporcle Settings to finish the process.

Report this User

Report this user for behavior that violates our Community Guidelines.

Details: